| 000 | 00775nam a2200217Ia 4500 | ||
|---|---|---|---|
| 003 | GCL | ||
| 008 | 140319s9999 xx 000 0 ara d | ||
| 020 | _a0169286977 | ||
| 040 |
_aGCL / _cGCL |
||
| 082 | 0 | 4 |
_a933.4 _bم ق |
| 100 | 1 | _aمحمد عيسى داود | |
| 245 | 1 | 0 |
_aالقنبلة : _bاكتشاف القرية التى كانت حاضر البحر يهود مسخهم الله قردة وخنازير / _cمحمد عيسى داود |
| 260 |
_aالقاهرة : _bمدبولى الصغير ، _c2003 |
||
| 300 |
_a258 ص ؛ _c24 سم |
||
| 650 | 0 | 4 | _aاليهود |
| 650 | 0 | 4 | _aبنو اسرائيل |
| 650 | 0 | 4 | _aاليهود - الاصل |
| 650 | 0 | 4 | _aاليهود - تاريخ قديم |
| 650 | 0 | 4 | _aالقرية حاضرة البحر |
| 942 |
_2ddc _cBK |
||
| 999 |
_c6171 _d6171 |
||